<?xml version="1.0" encoding="UTF-8"?>
<record
    xmlns:xsi="http://www.w3.org/2001/XMLSchema-instance"
    xsi:schemaLocation="http://www.loc.gov/MARC21/slim http://www.loc.gov/standards/marcxml/schema/MARC21slim.xsd"
    xmlns="http://www.loc.gov/MARC21/slim">

  <leader>05394nam a2200481Ia 4500</leader>
  <controlfield tag="001">dia_5213</controlfield>
  <controlfield tag="003">CHAP</controlfield>
  <controlfield tag="005">20240903183320.0</controlfield>
  <controlfield tag="007">ta</controlfield>
  <controlfield tag="008">220117s2013    mx bdeofrm    001 0 spa d</controlfield>
  <datafield tag="010" ind1=" " ind2=" ">
    <subfield code="a">176113</subfield>
  </datafield>
  <datafield tag="040" ind1=" " ind2=" ">
    <subfield code="c">CHAP</subfield>
    <subfield code="a">mxchpua</subfield>
    <subfield code="e">rda</subfield>
  </datafield>
  <datafield tag="041" ind1="0" ind2=" ">
    <subfield code="a">spa</subfield>
    <subfield code="b">eng</subfield>
  </datafield>
  <datafield tag="090" ind1=" " ind2=" ">
    <subfield code="a">Tesis </subfield>
    <subfield code="b">G85 </subfield>
    <subfield code="c">2013</subfield>
  </datafield>
  <datafield tag="100" ind1="1" ind2=" ">
    <subfield code="a">Guill&#xE9;n Guijosa, Yanet</subfield>
  </datafield>
  <datafield tag="245" ind1="1" ind2="0">
    <subfield code="a">Proyecto de inversi&#xF3;n para el establecimiento de un rastro tipo Inspecci&#xF3;n Federal (TIF) de ganado bovino en Canatl&#xE1;n, Durango /</subfield>
    <subfield code="c">Yanet Guill&#xE9;n Guijosa y Santo Tom&#xE1;s P&#xE9;rez Franco</subfield>
  </datafield>
  <datafield tag="264" ind1=" " ind2=" ">
    <subfield code="a">Chapingo, M&#xE9;xico :</subfield>
    <subfield code="b">El autor,</subfield>
    <subfield code="c">2013</subfield>
  </datafield>
  <datafield tag="300" ind1=" " ind2=" ">
    <subfield code="a">xiii, 96 hojas :</subfield>
    <subfield code="b">mapas, gr&#xE1;ficas, diagramas, tablas, fotos, planos +</subfield>
    <subfield code="e">1 CD-ROM</subfield>
  </datafield>
  <datafield tag="336" ind1=" " ind2=" ">
    <subfield code="2">rdacontent</subfield>
    <subfield code="a">texto</subfield>
    <subfield code="b">txt</subfield>
  </datafield>
  <datafield tag="337" ind1=" " ind2=" ">
    <subfield code="2">rdamedia</subfield>
    <subfield code="a">no mediado</subfield>
    <subfield code="b">n</subfield>
  </datafield>
  <datafield tag="338" ind1=" " ind2=" ">
    <subfield code="2">rdacarrier</subfield>
    <subfield code="a">volumen</subfield>
    <subfield code="b">nc</subfield>
  </datafield>
  <datafield tag="500" ind1=" " ind2=" ">
    <subfield code="a">El CD contiene el reporte --
Los planos est&#xE1;n incluidos en el reporte</subfield>
  </datafield>
  <datafield tag="502" ind1=" " ind2=" ">
    <subfield code="a">Formulaci&#xF3;n y Evaluaci&#xF3;n de Proyectos </subfield>
    <subfield code="b">(Ingeniero Agroindustrial) -- </subfield>
    <subfield code="c">UACh. Departamento de Ingenier&#xED;a Agroindustrial, </subfield>
    <subfield code="d">2013</subfield>
  </datafield>
  <datafield tag="504" ind1=" " ind2=" ">
    <subfield code="a">Bibliograf&#xED;a: hojas 71-73</subfield>
  </datafield>
  <datafield tag="505" ind1=" " ind2=" ">
    <subfield code="a">2 planos --
1. Plano de distribuci&#xF3;n de &#xE1;reas (Esc. 1:450) --
2. Plano de distribuci&#xF3;n de equipo y recorrido (Esc. 1:450)</subfield>
  </datafield>
  <datafield tag="520" ind1="3" ind2=" ">
    <subfield code="a">En el presente proyecto nos hemos enfocado al cumplimiento de las normas oficiales con las que debe cumplir un establecimiento para obtener la certificaci&#xF3;n TIF, haciendo uso de todos los recursos disponibles con los que cuenta el municipio de Canatl&#xE1;n, como la disposici&#xF3;n de materia prima, la oferta y la demanda, factores que son la clave para el desarrollo exitoso de dicho proyecto. Uno de los principales factores que influy&#xF3; sobre la elaboraci&#xF3;n del proyecto de inversi&#xF3;n para el establecimiento de un rastro tipo inspecci&#xF3;n federal, fue la importancia que representa este sello en los productos c&#xE1;rnicos, el cual adem&#xE1;s de garantizar la inocuidad en los procesos de producci&#xF3;n, abre las puertas del mercado nacional e internacional, creando as&#xED; grandes oportunidades de crecimiento econ&#xF3;mico para este tipo de agroindustria.  Se realiz&#xF3; el an&#xE1;lisis de cada uno de los par&#xE1;metros que comprenden un proyecto de inversi&#xF3;n: an&#xE1;lisis t&#xE9;cnico, an&#xE1;lisis de mercado y an&#xE1;lisis financiero dentro del cual se refleja la rentabilidad del proyecto. Para la realizaci&#xF3;n del presente proyecto se utiliz&#xF3; el guion para la elaboraci&#xF3;n de proyectos de inversi&#xF3;n de SEDESOL, debido a que se solicitar&#xE1; el financiamiento a esta instancia del Gobierno Federal porque las comunidades beneficiadas est&#xE1;n clasificadas con un alto grado de marginaci&#xF3;n. Los resultados obtenidos de este estudio muestran que es necesaria una inversi&#xF3;n inicial de  $5, 241, 509. 70  y al analizar su comportamiento en un horizonte de vida de diez a&#xF1;os, los indicadores econ&#xF3;micos fueron, la TIR de 31.08%, la VAN  &#xA0;$8,454,710.98, y una R/C de $1.86, por lo que se concluye que la instalaci&#xF3;n y puesta en marcha de este proyecto es t&#xE9;cnica, econ&#xF3;mica, social y ambientalmente factible.&#xA0;&#xA0;</subfield>
  </datafield>
  <datafield tag="520" ind1="3" ind2=" ">
    <subfield code="a">In this project we have focused on compliance with the official rules you need to follow an establishment for TIF certification, making use of all the resources available to the municipality of Canatl&#xE1;n such as the provision of raw materials, the supply and demand, which are the key factors for the successful development of the project. One of the main factors that influenced on the development of the investment project for the establishment of a federally inspected trail was the importance that represents this label on meat products, which not only ensure safety in production processes, open the doors of the national and international market, creating great opportunities for economic growth in this type of agribusiness. Analysis was performed for each of the parameters comprising an investment project: technical analysis, market analysis and financial analysis within which reflects the profitability of the project. For the realization of this project is the script used for the preparation of investment projects SEDESOL, due to a request for funding to this instance of the Federal Government and that the beneficiary communities are classified with a high degree of marginalization. The results of this study show that it is required an initial investment of  $5,241,509.70 and to analyze their behavior on a horizon of ten-year life, economic indicators were, the IRR of 31.08%, the NVP  $8,454,710.98, and an R / C 1.86, so we conclude that the installation and commissioning of this project is technically, economically, socially and environmentally feasible.&#xA0;</subfield>
  </datafield>
  <datafield tag="650" ind1="1" ind2="2">
    <subfield code="a">Mataderos</subfield>
    <subfield code="x">Dise&#xF1;o y construcci&#xF3;n</subfield>
    <subfield code="z">M&#xE9;xico</subfield>
    <subfield code="z">Durango</subfield>
    <subfield code="2">atg</subfield>
  </datafield>
  <datafield tag="650" ind1="1" ind2="3">
    <subfield code="a">Iniciativa empresarial</subfield>
    <subfield code="z">M&#xE9;xico</subfield>
    <subfield code="z">Durango  </subfield>
    <subfield code="2">atg</subfield>
  </datafield>
  <datafield tag="650" ind1="1" ind2="3">
    <subfield code="a">Slaughterhouses  </subfield>
    <subfield code="x">Design and construction</subfield>
    <subfield code="2">atg</subfield>
    <subfield code="z">Mexico</subfield>
    <subfield code="z">Durango</subfield>
  </datafield>
  <datafield tag="650" ind1="1" ind2="3">
    <subfield code="a">Entrepreneurship</subfield>
    <subfield code="z">M&#xE9;xico</subfield>
    <subfield code="z">Durango  </subfield>
  </datafield>
  <datafield tag="700" ind1="1" ind2=" ">
    <subfield code="a">Ponce Hern&#xE1;ndez, Pedro</subfield>
    <subfield code="e">director</subfield>
  </datafield>
  <datafield tag="700" ind1="1" ind2=" ">
    <subfield code="a">P&#xE9;rez Rom&#xE1;n, Arturo</subfield>
    <subfield code="e">asesor</subfield>
  </datafield>
  <datafield tag="700" ind1="1" ind2=" ">
    <subfield code="a">Szymanski Duque, Rosa Guadalupe</subfield>
    <subfield code="e">asesora</subfield>
  </datafield>
  <datafield tag="856" ind1="4" ind2="1">
    <subfield code="u">http://10.13.5.2/tesis/sist109321.pdf</subfield>
    <subfield code="y">DESCARGAR PDF</subfield>
  </datafield>
  <datafield tag="901" ind1=" " ind2=" ">
    <subfield code="a">TESIS G85 2013</subfield>
  </datafield>
  <datafield tag="902" ind1=" " ind2=" ">
    <subfield code="a">M</subfield>
  </datafield>
  <datafield tag="905" ind1=" " ind2=" ">
    <subfield code="a">5232272013                          mx aenl8222223322spa16</subfield>
  </datafield>
  <datafield tag="942" ind1=" " ind2=" ">
    <subfield code="c">TESIS</subfield>
    <subfield code="2">Clasificaci&#xF3;n Universidad Aut&#xF3;noma Chapingo</subfield>
  </datafield>
  <datafield tag="999" ind1=" " ind2=" ">
    <subfield code="c">176113</subfield>
    <subfield code="d">176113</subfield>
  </datafield>
  <datafield tag="952" ind1=" " ind2=" ">
    <subfield code="0">0</subfield>
    <subfield code="1">0</subfield>
    <subfield code="2">local</subfield>
    <subfield code="4">0</subfield>
    <subfield code="5">5</subfield>
    <subfield code="7">0</subfield>
    <subfield code="8">TESIS</subfield>
    <subfield code="a">IA_</subfield>
    <subfield code="b">IA_</subfield>
    <subfield code="d">2022-01-18</subfield>
    <subfield code="e">El autor</subfield>
    <subfield code="l">1</subfield>
    <subfield code="o">Tesis G85 2013</subfield>
    <subfield code="p">1101007463</subfield>
    <subfield code="r">2024-09-12 14:54:58</subfield>
    <subfield code="s">2024-09-12</subfield>
    <subfield code="t">Ej. 3</subfield>
    <subfield code="w">2022-01-18</subfield>
    <subfield code="y">CD</subfield>
  </datafield>
  <datafield tag="952" ind1=" " ind2=" ">
    <subfield code="0">0</subfield>
    <subfield code="1">0</subfield>
    <subfield code="2">local</subfield>
    <subfield code="4">0</subfield>
    <subfield code="5">1</subfield>
    <subfield code="7">0</subfield>
    <subfield code="8">TESIS</subfield>
    <subfield code="a">IA_</subfield>
    <subfield code="b">IA_</subfield>
    <subfield code="d">2022-01-18</subfield>
    <subfield code="e">El autor</subfield>
    <subfield code="l">0</subfield>
    <subfield code="o">Tesis G85 2013</subfield>
    <subfield code="p">1101007461</subfield>
    <subfield code="r">2026-02-02 00:00:00</subfield>
    <subfield code="t">Ej. 1</subfield>
    <subfield code="w">2022-01-18</subfield>
    <subfield code="y">TESIS</subfield>
  </datafield>
  <datafield tag="952" ind1=" " ind2=" ">
    <subfield code="0">0</subfield>
    <subfield code="1">0</subfield>
    <subfield code="2">local</subfield>
    <subfield code="4">0</subfield>
    <subfield code="5">1</subfield>
    <subfield code="7">0</subfield>
    <subfield code="8">TESIS</subfield>
    <subfield code="a">IA_</subfield>
    <subfield code="b">IA_</subfield>
    <subfield code="d">2022-01-18</subfield>
    <subfield code="e">El autor</subfield>
    <subfield code="l">0</subfield>
    <subfield code="o">Tesis G85 2013</subfield>
    <subfield code="p">1101007462</subfield>
    <subfield code="r">2022-01-18 00:00:00</subfield>
    <subfield code="t">Ej. 2</subfield>
    <subfield code="w">2022-01-18</subfield>
    <subfield code="y">CD</subfield>
  </datafield>
  <datafield tag="952" ind1=" " ind2=" ">
    <subfield code="0">0</subfield>
    <subfield code="1">0</subfield>
    <subfield code="2">local</subfield>
    <subfield code="4">0</subfield>
    <subfield code="7">0</subfield>
    <subfield code="8">TesDigL</subfield>
    <subfield code="a">IA_</subfield>
    <subfield code="b">IA_</subfield>
    <subfield code="c">E_L</subfield>
    <subfield code="d">2024-09-03</subfield>
    <subfield code="e">El autor</subfield>
    <subfield code="l">0</subfield>
    <subfield code="p">1201007461</subfield>
    <subfield code="r">2024-09-03 19:35:18</subfield>
    <subfield code="w">2024-09-03</subfield>
    <subfield code="y">TD</subfield>
  </datafield>
</record>
